| 000 | 00975nam a22003137a 4500 | ||
|---|---|---|---|
| 001 | BR7100165 | ||
| 003 | BR-BrBNA | ||
| 005 | 20230928083640.0 | ||
| 007 | ta | ||
| 008 | 230509b bl.||||| |||| 00| 0 por d | ||
| 040 |
_aBR-BrBNA _bpor _cBiblioteca Nacional de Agricultura |
||
| 041 | _a(Por) | ||
| 072 |
_aF00 _b1112 |
||
| 090 | _ 1112 BR7100165 | ||
| 100 | 1 | _aSouza, M.M. de | |
| 110 | 1 |
_aUniversidade Federal de Vicosa, MG (Brasil) _0Tese (Magister Scientiae) |
|
| 245 | 1 | _aInfluencia do corte da parte terminal da raquis do cacho da bananeira, cv. Prata (Musa sp.)sobre a producao total, numero de pencas por cacho, comprimento e diametro do fruto | |
| 260 | 3 |
_aVicosa, MG (Brasil): _c1971. |
|
| 300 | _a33 p. | ||
| 500 | _a17 tables; 20 ref.; Summary (Por) | ||
| 650 | _aProducao vegetal | ||
| 650 | _aBanana | ||
| 650 | _aPoda | ||
| 650 | _aCorte | ||
| 650 | _aCacho | ||
| 650 | _aRendimento | ||
| 909 |
_a202309 _bLucia _c55 _dLucia Elande |
||
| 942 | _cBK | ||
| 999 |
_c14623 _d14623 |
||